000
00297nam a22001337a 4500
008
180307b xxu||||| |||| 00| 0 eng d
020
_a
9781883577612
041
_a
eng
080
_a
004
100
_a
28
101
_a
SHK
245
_a
Web design guide for windows
_c
Fahey,M.J
942
_2
udc
_c
BK
999
_c
44339
_d
44339